Дело об освобождении из-под ареста французского артиста Филиппа и об увольнении его от службы

Доступно только в Электронных читальных залах Найти на картеНа карте
RUSMARC
00004016nmc2a22000003x 450
001c2543854-10ef-4fa5-8810-f0937add244e
00520181003103122.0
100##$a20161209l18121812k l0rusy0189 ca
1010#$arus
102##$aRU
2001#$aДело об освобождении из-под ареста французского артиста Филиппа и об увольнении его от службы
$j23-25 мая 1812 г.
251##$cДело
300##$aДело
300##$aОриг. заголовок дела: Дело о содержащемся по высочайшему повелению под стражей французском актёре Филиппе. 23 мая 1812 г. - 25 мая 1812 г
801#0$aRU
$bРГИА
$c20161209
$gRCR
801#1$aRU
$bГлавНИВЦ
$c20161209
$2rusmarc
801#2$aRU
$bПБ им. Б.Н. Ельцина
$c20181003
$gRCR
$2rusmarc
850##$aРГИА
852##$aРГИА
$eФедеральное казенное учреждение "Российский государственный исторический архив" (РГИА)
$j1039
937##$hРГИА
$d12235143
$aASBIBLIO_SCAN
462#0$1001dd3991dc-24e1-42ec-8838-ca4255420416
$12001
$a1746-1850 гг.
$1251
$cОпись
$1852
$j1
461#0$10019264ebf8-de62-4f1a-9eb4-9f22098dbbd5
$12001
$aДирекция императорских театров МИДв
$1251
$cФонд
$1852
$j497
215##$a5 л.
$d36,5х26 см
371##$aДокумент не является опубликованным и широко распространяемым
105##$ay###
1222#$ad
5171#$aДело о содержащемся по высочайшему повелению под стражей французском актёре Филиппе. 23 мая 1812 г. - 25 мая 1812 г
035##$ac2543854-10ef-4fa5-8810-f0937add244e
856##$uhttp://readingroom.main.prlib.ru/item.aspx?id_node=n118831059&mode=full
Формат отображения